Score 0/20 Timer 05:00
2 Plays Today
Hint Answer % Correct
Toy Story 3
97.9%
Alice in Wonderland
91%
Despicable Me
90.7%
Tangled
89.3%
Black Swan
89.3%
How to Train Your Dragon
84.1%
Kick-Ass
77.9%
The Karate Kid
76.1%
The Social Network
75.7%
Easy A
73.6%
Hint Answer % Correct
Inception
67.9%
The King's Speech
66.1%
127 Hours
65.7%
Robin Hood
62.9%
The Expendables
60.1%
Shutter Island
57.2%
The Fighter
53.8%
True Grit
48%
Scott Pilgrim vs. the World
40.9%
Salt
28.2%

You're not logged in!

Compare scores with friends on all Sporcle quizzes.
OR
Log In

Sporcle TV

Today on Sporcle TV


Watch our educational content, quiz creation guides, and fun videos on Sporcle TV.

Show Comments

Extras

Top Quizzes Today


Score Distribution

Paid Content

Your Account Isn't Verified!

In order to create a playlist on Sporcle, you need to verify the email address you used during registration. Go to your Sporcle Settings to finish the process.

Report this User

Report this user for behavior that violates our Community Guidelines.

Details: